000 00885nam a2200217Ia 4500
003 OSt
005 20210415110605.0
008 210310s1974 ck gr 001 0 spa d
040 _aCO-JMCR
_cCO-JMCR
041 1 _aspa
_heng
082 0 4 _a336.205861 /
_bM987p
_223
100 1 _aMusgrave, Richard Abel,
_914980
_eautor
245 1 0 _aPropuesta de una reforma fiscal para Colombia :
_binforme final y documentos de trabajo de la Comisión de Reforma Tributaria /
_hRichard A. Musgrave ; editado por Malcolm Gillis ; versión en español por Miguel Urrutia
260 _aBogotá :
_bBanco de la República,
_c1974
300 _b3 volúmenes ;
_c23 cm.
500 _aIncluye notas a pie de página e índice analítico.
650 1 4 _aReforma tributaria
_914982
_zColombia
700 1 _aUrrutia, Miguel,
_etraductor
_97592
700 1 _aGillis, Malcolm,
_eeditor
_936878
942 _2ddc
_cBK
999 _c7626
_d7626